Statistiques concernant les animaux

Cliquez ici pour prendre le quiz!

Statistiques générales

  • Ce quiz a été pris 3 544 fois
    (3 465 depuis la dernière actualisation)
  • Le résultat moyen est 17 sur 21

Statistiques - réponses

Réponse% Correct
chat
100%
cheval
99%
chien
99%
tortue
97%
cochon
96%
loup
96%
lion
94%
baleine
87%
pigeon
87%
vache
87%
cerf
86%
moustique
85%
papillon
85%
araignée
84%
souris
83%
dauphin
82%
perroquet
76%
mouette
74%
marmotte
48%
aigle royal
27%
puma
22%

Distribution des résultats

Percentile par nombre de réponses

% des personnes avec chaque résultat

Votre développement - résultats

Vous n’avez pas pris ce quiz depuis la dernière actualisation